| 000 | 00000nam##2200000za#4500 |
| 001 | 9.644195 |
| 003 | CaOODSP |
| 005 | 20210624224531 |
| 007 | cr ||||||||||| |
| 008 | 150407|1985||||xxc|||||o f|0| 0 fre|d |
| 040 | |aCaOODSP|bfre |
| 043 | |an-cn--- |
| 086 | 1 |aA53-1779/1985F-PDF |
| 110 | 1 |aCanada.|bAgriculture Canada. |bDirection générale des communications. |
| 245 | 10|aCicadelles des arbres ornementaux et fruitiers du Canada / |h[ressource électronique]|c[par] K.G.A. Hamilton. |
| 260 | |aOttawa - Ontario : |bAgriculture Canada. |cc1985. |
| 300 | |a76p.|bill. en couleur, figures |
| 500 | |aPublication historique numérisée par Agriculture et Agroalimentaire Canada. |
| 590 | |a15-02-Supp|b2015-02-16 |
| 720 | 1 |aHamilton, K. G. A. |
| 775 | 08|tLeafhoppers of ornamental and fruit trees in Canada / |w(CaOODSP)9.700298 |
| 856 | 40|ahttp://publications.gc.ca|qPDF|s5323 Ko|uhttps://publications.gc.ca/collections/collection_2015/aac-aafc/A53-1779-1985-fra.pdf |
| 986 | |aPublication 1779/F |